00626nam a2200193 a 450000100100000000500170001000800410002702000150006804000250008310000380010824500510014626000290019730000420022649000190026850000210028750400320030850000730034083000190041300004268820201002040328.0140205s1998 sp abc 001 0 spa d a8423997405 aDO-SdBNPbspacBNPHU1 aVidal Manzanares, César,d1958-14aLas Brigadas Internacionales /cCésar Vidal. aMadrid :bEspasa,c1998. a637 p. :bil., mapa, retrs. ;c25 cm.1 aEspasa fórum aIncluye índice aBibliografía : p. 559-619 aIncluye referencias bibliográficas y notas al pie de las páginas 0aEspasa fórum